[Event "World Team Championship"]
[Site "Ningbo CHN"]
[Date "2011.07.23"]
[Round "6"]
[White "Aronian, Levon"]
[Black "Harikrishna, Pentala"]
[Result "1-0"]
[WhiteElo "2805"]
[BlackElo "2669"]
[PlyCount "69"]
[EventDate "2011.07.17"]

1. d4 Nf6 2. c4 e6 3. Nf3 d5 4. Nc3 Be7 5. Bg5 h6 6. Bh4 O-O 7. e3 Ne4 8. Bxe7
Qxe7 9. Rc1 c6 10. h4 Nd7 11. g4 e5 12. cxd5 Nxc3 13. Rxc3 cxd5 14. g5 h5 15.
Bb5 exd4 16. Qxd4 Qe4 17. Qxe4 dxe4 18. Nd2 Ne5 19. Nxe4 Be6 20. f4 Bd5 21.
fxe5 Bxe4 22. O-O Bd5 23. Bd7 Rfd8 24. Rc7 a5 25. a4 Ra6 26. Rf4 Rf8 27. Rd4
Bc6 28. e6 fxe6 29. Bxe6+ Kh8 30. Bf7 Rb6 31. b3 Bf3 32. g6 Rc6 33. Rxc6 bxc6
34. e4 Be2 35. e5 1-0

[Event "World Team Championship"]
[Site "Ningbo CHN"]
[Date "2011.07.23"]
[Round "6"]
[White "Sasikiran, Krishnan"]
[Black "Movsesian, Sergei"]
[Result "1/2-1/2"]
[WhiteElo "2681"]
[BlackElo "2700"]
[PlyCount "129"]
[EventDate "2011.07.17"]

1. d4 d5 2. c4 c6 3. Nf3 Nf6 4. Nc3 a6 5. g3 dxc4 6. a4 e6 7. Bg2 c5 8. dxc5
Qxd1+ 9. Nxd1 Nc6 10. Ne3 Bxc5 11. Nxc4 Ke7 12. O-O Nd5 13. b3 f6 14. Bb2 Bd7
15. Rfc1 Rac8 16. a5 Rhd8 17. Kf1 Be8 18. Ne1 Bg6 19. e4 Nc7 20. Nb6 Bxb6 21.
axb6 Nb5 22. e5 Be8 23. exf6+ gxf6 24. Rc4 Rd6 25. Be4 Rcd8 26. Nf3 Bg6 27.
Bxc6 Bd3+ 28. Kg2 Bxc4 29. bxc4 Rxc6 30. cxb5 Rxb6 31. Nd4 axb5 32. Nc2 Rd2 33.
Ba3+ Kd7 34. Nb4 Rbd6 35. Rb1 e5 36. Rb3 Ke6 37. Bc1 R2d4 38. Be3 Rc4 39. Nd3
Rd5 40. Nb4 Rd6 41. Kf1 h5 42. h4 f5 43. f4 e4 44. Ke2 Rd8 45. Bd2 Ra8 46. Rb2
Ra1 47. Nc2 Raa4 48. Be1 Rc6 49. Bd2 Rcc4 50. Kd1 Rc5 51. Bb4 Rc4 52. Kd2 Ra8
53. Ke2 Ra4 54. Kd1 Ra8 55. Be1 Rd8+ 56. Ke2 Rd3 57. Nb4 Ra3 58. Nc2 Rd3 59.
Ne3 Rc5 60. Bd2 Rd4 61. Nc2 Rd3 62. Ne3 Rd4 63. Be1 Rd3 64. Rb1 Ra3 65. Rb2
1/2-1/2

[Event "World Team Championship"]
[Site "Ningbo CHN"]
[Date "2011.07.23"]
[Round "6"]
[White "Wang Yue"]
[Black "Amin, Bassem"]
[Result "1-0"]
[WhiteElo "2709"]
[BlackElo "2609"]
[PlyCount "73"]
[EventDate "2011.07.17"]

1. Nf3 Nf6 2. c4 c5 3. g3 g6 4. Bg2 Bg7 5. Nc3 Nc6 6. d4 cxd4 7. Nxd4 O-O 8.
O-O Nxd4 9. Qxd4 d6 10. Qd3 Bf5 11. e4 Be6 12. b3 a6 13. Bd2 Rc8 14. Rac1 Qd7
15. Rfe1 Ng4 16. h3 Ne5 17. Qf1 Nxc4 18. bxc4 Bxc4 19. Ne2 Qa4 20. Red1 Qxa2
21. Qe1 Bxe2 22. Qxe2 a5 23. Qd3 Rxc1 24. Rxc1 b5 25. Bg5 b4 26. Bxe7 Re8 27.
Bxd6 b3 28. Qb5 Rd8 29. e5 Bf8 30. Bd5 Bxd6 31. exd6 Qa3 32. Re1 b2 33. Re8+
Kg7 34. Rxd8 Qa1+ 35. Kg2 b1=Q 36. Qxb1 Qxb1 37. d7 1-0

[Event "44th Biel Chess Festival"]
[Site "Biel SUI"]
[Date "2011.07.23"]
[Round "5"]
[White "Vachier-Lagrave, Maxime"]
[Black "Carlsen, Magnus"]
[Result "1-0"]
[WhiteElo "2722"]
[BlackElo "2821"]
[PlyCount "191"]
[EventDate "2011.07.18"]

1. e4 c5 2. Nf3 Nc6 3. Nc3 e5 4. Bc4 Be7 5. d3 d6 6. Nd2 Bg5 7. Nf1 Bxc1 8.
Rxc1 Nge7 9. Ne3 O-O 10. O-O Ng6 11. Ncd5 Be6 12. c3 Na5 13. Nf5 Kh8 14. g3 Qd7
15. Nde3 Ne7 16. Nxe7 Nxc4 17. dxc4 Qxe7 18. Qd3 Rad8 19. Rcd1 b6 20. Rd2 Rd7
21. b3 Re8 22. Kg2 Qg5 23. Rfd1 Kg8 24. Qe2 Red8 25. Qf3 Qe7 26. h4 Qf8 27. h5
Qe7 28. h6 g6 29. Nd5 Bxd5 30. Rxd5 Qg5 31. Rh1 Kf8 32. Qd3 Qf6 33. Qe3 Qe6 34.
Rf1 f6 35. b4 Ke8 36. Rfd1 Kf7 37. a4 Ke7 38. a5 Rc8 39. b5 Qg4 40. axb6 axb6
41. Ra1 Rb8 42. f3 Qe6 43. Qd2 Kf7 44. Rd1 Ke7 45. Ra1 Kf7 46. Ra6 Qe7 47. Qe3
Qe6 48. Qc1 g5 49. Qh1 Kg6 50. g4 Kf7 51. Kf2 Ke7 52. Qf1 Kf7 53. Ke3 Kg6 54.
Qh1 Kf7 55. Kd3 Ke7 56. Kc2 Qg8 57. Qa1 Qf8 58. Rd1 Rdb7 59. Rh1 Kf7 60. Kb3
Qe7 61. Qa2 Qd7 62. Ra1 Qe7 63. Qd2 Kg6 64. Qh2 Kf7 65. R1a2 Qd7 66. Qh5+ Kf8
67. Qh1 Kf7 68. Qd1 Kg6 69. Rd2 Rd8 70. Qh1 Kf7 71. Rda2 Rdb8 72. Ra1 Qe7 73.
R6a2 Rd7 74. Qd1 Kg6 75. Qh1 Kf7 76. Qb1 Rdb7 77. Qd3 Kg6 78. f4 gxf4 79. Qh3
Kf7 80. Ra8 Qe6 81. Qh5+ Kf8 82. Qf5 Qxf5 83. gxf5 Rxa8 84. Rxa8+ Kf7 85. Kc2
Re7 86. Kd3 Re8 87. Ra7+ Kg8 88. Rg7+ Kf8 89. Rxh7 Kg8 90. Ra7 Kh8 91. h7 Rb8
92. Ke2 Rd8 93. Kf3 Rc8 94. Kg4 Rd8 95. Kh5 f3 96. Kg6 1-0

[Event "44th Biel Chess Festival"]
[Site "Biel SUI"]
[Date "2011.07.23"]
[Round "5"]
[White "Caruana, Fabiano"]
[Black "Morozevich, Alexander"]
[Result "0-1"]
[WhiteElo "2711"]
[BlackElo "2694"]
[PlyCount "104"]
[EventDate "2011.07.18"]

1. d4 Nf6 2. c4 e6 3. g3 d5 4. Nf3 dxc4 5. Bg2 a6 6. O-O Nc6 7. e3 Bd7 8. Nc3
Nd5 9. Nd2 Nb6 10. Qe2 Na5 11. Rd1 Bb4 12. Nf3 O-O 13. Bd2 Qe7 14. Ne4 Bb5 15.
Bc3 Na4 16. Qd2 Nxc3 17. Nxc3 Ba4 18. Rdc1 c5 19. d5 Rad8 20. e4 b5 21. Qe3
Bxc3 22. Qxc3 b4 23. Qe5 Bb5 24. Rd1 Rd6 25. Rac1 Qd8 26. Qh5 exd5 27. exd5 Rh6
28. Qf5 Rf6 29. Qe4 Nb7 30. Qc2 Re8 31. Re1 Nd6 32. Rxe8+ Qxe8 33. Re1 Qc8 34.
Ne5 Qf5 35. Qxf5 Rxf5 36. Bh3 Rh5 37. Bg4 Rh6 38. Rc1 f6 39. Nc6 f5 40. Bd1 Kf8
41. Bf3 Ne4 42. Bxe4 fxe4 43. Nd8 Ke7 44. Nb7 Rh5 45. Nxc5 e3 46. Re1 Kd6 47.
Ne4+ Kxd5 48. Rxe3 Kd4 49. Nd2 Bc6 50. h4 Ra5 51. a3 bxa3 52. bxa3 Rb5 0-1

[Event "44th Biel Chess Festival"]
[Site "Biel SUI"]
[Date "2011.07.23"]
[Round "5"]
[White "Pelletier, Yannick"]
[Black "Shirov, Alexei"]
[Result "1/2-1/2"]
[WhiteElo "2590"]
[BlackElo "2714"]
[PlyCount "75"]
[EventDate "2011.07.18"]

1. d4 d5 2. c4 c6 3. Nf3 Nf6 4. Nc3 e6 5. Bg5 dxc4 6. a4 Bb4 7. e4 Qa5 8. Bd2
c5 9. dxc5 Nc6 10. Bxc4 Qxc5 11. Qe2 e5 12. Be3 Qe7 13. O-O Bxc3 14. bxc3 O-O
15. Bc1 Qc7 16. Ba3 Rd8 17. h3 Na5 18. Ba2 Be6 19. Bxe6 fxe6 20. Rfd1 Qc4 21.
Qxc4 Nxc4 22. Be7 Rxd1+ 23. Rxd1 Nxe4 24. Rd7 Nb6 25. Rxb7 Nxa4 26. c4 Nac5 27.
Rc7 Nd3 28. c5 Rb8 29. Bd6 Rb1+ 30. Kh2 Ndxf2 31. Rc8+ Kf7 32. Nxe5+ Kf6 33.
Rf8+ Kg5 34. Nf7+ Kg6 35. Ne5+ Kh6 36. Nf7+ Kg6 37. Ne5+ Kh6 38. Nf7+ 1/2-1/2

[Event "Lake Sevan 2011"]
[Site "?"]
[Date "2011.07.23"]
[Round "2"]
[White "Jobava, Baadur"]
[Black "Khairullin, Ildar"]
[Result "1/2-1/2"]
[WhiteElo "2713"]
[BlackElo "2649"]
[PlyCount "42"]
[EventDate "2011.??.??"]

1. d4 Nf6 2. c4 e6 3. Nc3 Bb4 4. a3 Bxc3+ 5. bxc3 b6 6. f3 Nc6 7. e4 Ba6 8. e5
Ng8 9. Nh3 Na5 10. Qa4 Ne7 11. Ng5 Qc8 12. Ne4 Qb7 13. Bg5 Ng6 14. h4 h6 15.
Be3 Ne7 16. h5 Qc6 17. Qxc6 Nexc6 18. Nd2 d6 19. f4 Ne7 20. g4 d5 21. c5 Bxf1
1/2-1/2

[Event "World Team Championship"]
[Site "Ningbo CHN"]
[Date "2011.07.24"]
[Round "7"]
[White "Svidler, Peter"]
[Black "Yu, Yangyi"]
[Result "1/2-1/2"]
[WhiteElo "2739"]
[BlackElo "2672"]
[PlyCount "135"]
[EventDate "2011.07.17"]

1. e4 c5 2. Nf3 d6 3. d4 cxd4 4. Nxd4 Nf6 5. Nc3 a6 6. Be2 Nc6 7. Be3 g6 8. Nd5
Nxd5 9. exd5 Qa5+ 10. c3 Ne5 11. Qb3 Bg7 12. O-O O-O 13. Rfe1 Re8 14. h3 Nd7
15. a4 Nc5 16. Qc4 Qd8 17. a5 Bd7 18. b4 Ne4 19. Qd3 Bf5 20. Nxf5 gxf5 21. Rac1
e6 22. Bf3 Qh4 23. c4 Be5 24. c5 Rad8 25. c6 bxc6 26. Rxc6 Kh8 27. Rc4 Rc8 28.
Rec1 Rxc4 29. Rxc4 exd5 30. Qxd5 Qe7 31. Qc6 d5 32. Qxd5 Rd8 33. Qc6 Nd2 34.
Bxd2 Rxd2 35. Qc8+ Qd8 36. Qxd8+ Rxd8 37. b5 axb5 38. Rc5 Bd4 39. Rxf5 b4 40.
Rxf7 b3 41. a6 b2 42. Rb7 Rd6 43. a7 Ra6 44. Rxb2 Ra1+ 45. Kh2 Be5+ 46. g3 Bxb2
47. a8=Q+ Rxa8 48. Bxa8 Kg7 49. Kg2 Kf6 50. Be4 h6 51. Bc6 Bc3 52. Be8 Bb4 53.
Kf1 Bc5 54. Ke2 Ba3 55. h4 Bb2 56. f4 Bc1 57. Bh5 Kg7 58. Kf3 Bd2 59. Kf2 Bc1
60. Ke2 Ba3 61. g4 Be7 62. g5 hxg5 63. hxg5 Bd6 64. Kf3 Bc7 65. Ke4 Bd6 66. f5
Be7 67. f6+ Bxf6 68. gxf6+ 1/2-1/2

[Event "World Team Championship"]
[Site "Ningbo CHN"]
[Date "2011.07.24"]
[Round "7"]
[White "Li, Chao B"]
[Black "Nepomniachtchi, Ian"]
[Result "1/2-1/2"]
[WhiteElo "2669"]
[BlackElo "2711"]
[PlyCount "72"]
[EventDate "2011.07.17"]

1. d4 Nf6 2. c4 g6 3. Nc3 d5 4. cxd5 Nxd5 5. e4 Nxc3 6. bxc3 Bg7 7. Nf3 c5 8.
Rb1 O-O 9. Be2 cxd4 10. cxd4 Qa5+ 11. Bd2 Qxa2 12. O-O Bg4 13. Be3 Nc6 14. d5
Na5 15. Re1 b6 16. Bg5 Bc3 17. Nd2 Bxe2 18. Rxe2 Bf6 19. Bxf6 exf6 20. Nb3 Qa4
21. Nxa5 Qxd1+ 22. Rxd1 bxa5 23. Ra2 Rfe8 24. f3 Rab8 25. Rda1 f5 26. exf5 gxf5
27. h4 Kg7 28. Rxa5 Re2 29. R5a2 Rxa2 30. Rxa2 Rb1+ 31. Kh2 Rd1 32. Ra5 Rd4 33.
Kg3 Kg6 34. Ra6+ f6 35. d6 f4+ 36. Kf2 h5 1/2-1/2

[Event "World Team Championship"]
[Site "Ningbo CHN"]
[Date "2011.07.24"]
[Round "7"]
[White "Grischuk, Alexander"]
[Black "Wang, Yue"]
[Result "1/2-1/2"]
[WhiteElo "2746"]
[BlackElo "2709"]
[PlyCount "60"]
[EventDate "2011.07.17"]

1. d4 d5 2. Nf3 Nf6 3. c4 c6 4. Nc3 dxc4 5. a4 Bf5 6. Ne5 e6 7. f3 c5 8. e4 Bg6
9. Be3 cxd4 10. Qxd4 Qxd4 11. Bxd4 Nfd7 12. Nxd7 Nxd7 13. Bxc4 Rc8 14. Be2 a6
15. Rc1 f6 16. O-O Bc5 17. Bxc5 Nxc5 18. Bc4 Ke7 19. b4 Nd7 20. Be2 Rhd8 21. a5
Be8 22. b5 Nb8 23. bxa6 Nxa6 24. Na2 Nc5 25. Nb4 Nb3 26. Rxc8 Rxc8 27. a6 bxa6
28. Bxa6 Rb8 29. Nc2 Nc5 30. Bc4 Bd7 1/2-1/2

[Event "World Team Championship"]
[Site "Ningbo CHN"]
[Date "2011.07.24"]
[Round "7"]
[White "Leko, Peter"]
[Black "Aronian, Levon"]
[Result "1/2-1/2"]
[WhiteElo "2717"]
[BlackElo "2805"]
[PlyCount "66"]
[EventDate "2011.07.17"]

1. d4 Nf6 2. c4 e6 3. Nf3 d5 4. Nc3 Bb4 5. cxd5 exd5 6. Bg5 Nbd7 7. Qc2 c5 8.
dxc5 Nxc5 9. a3 Bxc3+ 10. Qxc3 Nce4 11. Bxf6 Nxf6 12. Qe5+ Qe7 13. Qxe7+ Kxe7
14. Nd4 Bd7 15. e3 Rhc8 16. f3 h5 17. Kd2 Ne8 18. Bd3 Nd6 19. b3 a5 20. Rhc1 b6
21. Rxc8 Rxc8 22. Rc1 Rc5 23. Rc3 g5 24. b4 axb4 25. axb4 Rxc3 26. Kxc3 h4 27.
Ne2 Ne8 28. g3 hxg3 29. hxg3 g4 30. fxg4 Bxg4 31. Nf4 Kd6 32. e4 dxe4 33. Bxe4
Ke5 1/2-1/2

[Event "World Team Championship"]
[Site "Ningbo CHN"]
[Date "2011.07.24"]
[Round "7"]
[White "Movsesian, Sergei"]
[Black "Almasi, Zoltan"]
[Result "1-0"]
[WhiteElo "2700"]
[BlackElo "2726"]
[PlyCount "83"]
[EventDate "2011.07.17"]

1. Nf3 Nf6 2. g3 d5 3. Bg2 c6 4. O-O Bg4 5. d3 e6 6. Nbd2 Be7 7. h3 Bh5 8. e4
O-O 9. Qe2 Qc7 10. Re1 dxe4 11. dxe4 Nbd7 12. e5 Nd5 13. a3 b5 14. Nf1 Bc5 15.
N1h2 f6 16. exf6 Rxf6 17. Kh1 Raf8 18. Bg5 R6f7 19. Rf1 e5 20. Rae1 Qb6 21. Bh4
h6 22. g4 Nf4 23. Qd2 Bg6 24. Nxe5 Nxe5 25. Rxe5 Bd4 26. Ree1 Bxb2 27. Be7 Rc8
28. c3 Nd3 29. Re3 Re8 30. Bc5 Qxc5 31. Rxe8+ Kh7 32. f4 Bxc3 33. Qa2 Qc4 34.
Qxc4 bxc4 35. Be4 Nxf4 36. Bxg6+ Kxg6 37. Re4 Bd2 38. Rxc4 Kh7 39. Rf2 Be3 40.
Rf3 Re7 41. Rfxf4 Bxf4 42. Rxf4 1-0

[Event "World Team Championship"]
[Site "Ningbo CHN"]
[Date "2011.07.24"]
[Round "7"]
[White "Polgar, Judit"]
[Black "Akopian, Vladimir"]
[Result "1/2-1/2"]
[WhiteElo "2699"]
[BlackElo "2667"]
[PlyCount "62"]
[EventDate "2011.07.17"]

1. e4 e5 2. Nf3 Nc6 3. Bb5 Nf6 4. d3 d6 5. O-O Be7 6. c3 Bd7 7. Nbd2 O-O 8. Re1
Re8 9. Nf1 Bf8 10. Ng3 h6 11. h3 Ne7 12. Bxd7 Qxd7 13. d4 Ng6 14. Bd2 b5 15.
Qc2 c6 16. Rad1 Qb7 17. b3 a5 18. a4 bxa4 19. bxa4 Qa6 20. c4 Rac8 21. c5 exd4
22. Nxd4 d5 23. Rc1 Ne5 24. exd5 cxd5 25. c6 Ba3 26. Ra1 Nxc6 27. Rxe8+ Nxe8
28. Nxc6 Rxc6 29. Qb3 Bf8 30. Qxd5 Rc5 31. Qb3 Nf6 1/2-1/2

[Event "World Team Championship"]
[Site "Ningbo CHN"]
[Date "2011.07.24"]
[Round "7"]
[White "Radjabov, Teimour"]
[Black "Kamsky, Gata"]
[Result "0-1"]
[WhiteElo "2744"]
[BlackElo "2741"]
[PlyCount "78"]
[EventDate "2011.07.17"]

1. e4 e5 2. Nf3 Nc6 3. d4 exd4 4. Nxd4 Bc5 5. Nb3 Bb6 6. Nc3 Nge7 7. Bg5 O-O 8.
Qd2 f6 9. Bh4 a5 10. Bb5 Ne5 11. f4 N5g6 12. Bf2 Bxf2+ 13. Qxf2 c6 14. Bc4+ Kh8
15. a4 Qc7 16. O-O d6 17. h4 Bg4 18. Nd4 Qb6 19. Be6 f5 20. exf5 Nxf5 21. Bxf5
Bxf5 22. h5 Ne7 23. Rae1 Rae8 24. Nb3 Qb4 25. g4 Bd3 26. cxd3 Qxb3 27. h6 Qf7
28. f5 d5 29. Qd4 Qf6 30. hxg7+ Kxg7 31. Qf4 Kh8 32. Re2 Rg8 33. Re6 Qh4 34.
Qd4+ Rg7 35. Rf4 c5 36. Qe5 Reg8 37. Kg2 Nc6 38. Qf6 Qxf6 39. Rxf6 Ne5 0-1

[Event "World Team Championship"]
[Site "Ningbo CHN"]
[Date "2011.07.24"]
[Round "7"]
[White "Onischuk, Alexander"]
[Black "Gashimov, Vugar"]
[Result "1/2-1/2"]
[WhiteElo "2675"]
[BlackElo "2760"]
[PlyCount "100"]
[EventDate "2011.07.17"]

1. d4 Nf6 2. c4 e6 3. Nf3 c5 4. d5 d6 5. Nc3 exd5 6. cxd5 a6 7. a4 g6 8. Bf4
Bg7 9. h3 O-O 10. e3 Re8 11. Be2 Ne4 12. Nxe4 Rxe4 13. Nd2 Rb4 14. Nc4 Nd7 15.
O-O Nb6 16. Nxd6 Rxf4 17. Nxc8 Rb4 18. Nxb6 Qxb6 19. a5 Qd6 20. Ra2 Bxb2 21.
Qc2 Bg7 22. Bc4 Re8 23. Rc1 f5 24. g3 Bf6 25. Bf1 Rc8 26. Rb1 Rc7 27. Bc4 Re7
28. Kg2 Re4 29. Rxb4 cxb4 30. Qd3 Kg7 31. Re2 Bd8 32. Ra2 Re8 33. Bb3 Bf6 34.
Rc2 Bc3 35. Qc4 Re4 36. Qd3 Re7 37. Re2 Rc7 38. Ra2 Rc5 39. Rc2 Rc7 40. Re2 Bf6
41. Rc2 Rxc2 42. Qxc2 Bd8 43. Qc8 Qc7 44. Qe6 Qe7 45. Kf3 Qxe6 46. dxe6 Kf6 47.
Bd5 b6 48. axb6 Bxb6 49. Bb3 Bc5 50. Ke2 a5 1/2-1/2

[Event "World Team Championship"]
[Site "Ningbo CHN"]
[Date "2011.07.24"]
[Round "7"]
[White "Seirawan, Yasser"]
[Black "Mamedyarov, Shakhriyar"]
[Result "1-0"]
[WhiteElo "2635"]
[BlackElo "2765"]
[PlyCount "57"]
[EventDate "2011.07.17"]

1. d4 c5 2. d5 f5 3. e4 fxe4 4. Nc3 Nf6 5. g4 h6 6. h3 d6 7. Nge2 e5 8. Ng3 Be7
9. Bg2 Na6 10. Ncxe4 Bd7 11. O-O Nxe4 12. Bxe4 O-O 13. f4 exf4 14. Bxf4 Bg5 15.
Qd2 c4 16. Bxg5 Qxg5 17. Qxg5 hxg5 18. Bf5 Bxf5 19. Nxf5 Nb4 20. Ne3 Rxf1+ 21.
Rxf1 c3 22. bxc3 Nxa2 23. c4 a5 24. Nf5 a4 25. Nxd6 a3 26. Nxb7 Nb4 27. c3 Nd3
28. c5 Nf4 29. d6 1-0

[Event "World Team Championship"]
[Site "Ningbo CHN"]
[Date "2011.07.24"]
[Round "7"]
[White "Ivanchuk, Vassily"]
[Black "Sutovsky, Emil"]
[Result "1-0"]
[WhiteElo "2768"]
[BlackElo "2700"]
[PlyCount "65"]
[EventDate "2011.07.17"]

1. d4 Nf6 2. c4 g6 3. f3 d5 4. cxd5 Nxd5 5. e4 Nb6 6. Nc3 Bg7 7. Be3 O-O 8. Qd2
Nc6 9. O-O-O Qd6 10. Nb5 Qd7 11. Na3 e5 12. d5 Nd4 13. Kb1 c6 14. dxc6 bxc6 15.
Qa5 Qb7 16. Ne2 Rb8 17. Rd2 Nd5 18. exd5 Bf5+ 19. Ka1 Bc2 20. Qc3 cxd5 21. Nxd4
Rfc8 22. Bc4 Ba4 23. Nb3 e4 24. Bd4 Bf8 25. Qe3 dxc4 26. Nc5 Qc6 27. Nxe4 f5
28. Nf6+ Kf7 29. Nb1 h6 30. Nc3 Rb7 31. g4 Rd8 32. gxf5 gxf5 33. Rg1 1-0

[Event "World Team Championship"]
[Site "Ningbo CHN"]
[Date "2011.07.24"]
[Round "7"]
[White "Roiz, Michael"]
[Black "Eljanov, Pavel"]
[Result "1-0"]
[WhiteElo "2669"]
[BlackElo "2697"]
[PlyCount "57"]
[EventDate "2011.07.17"]

1. d4 d5 2. c4 e6 3. Nc3 dxc4 4. e3 b5 5. a4 b4 6. Ne4 Qd5 7. Ng3 Nf6 8. Be2
Nbd7 9. Nf3 c6 10. b3 Ba6 11. O-O Qa5 12. bxc4 Bd6 13. c5 Bxg3 14. hxg3 O-O 15.
Bd2 Rfb8 16. Re1 Ne4 17. Qc2 Bxe2 18. Rxe2 Ndf6 19. Ne5 Nxd2 20. Rxd2 Qc7 21.
a5 Nd5 22. Qb3 Rb5 23. Nc4 Rd8 24. a6 Nc3 25. Rb2 h6 26. Qc2 Rdb8 27. Rb3 Qd8
28. Qb2 Qc7 29. Nd6 1-0

[Event "World Team Championship"]
[Site "Ningbo CHN"]
[Date "2011.07.24"]
[Round "7"]
[White "Moiseenko, Alexander"]
[Black "Postny, Evgeny"]
[Result "1-0"]
[WhiteElo "2715"]
[BlackElo "2618"]
[PlyCount "99"]
[EventDate "2011.07.17"]

1. d4 d5 2. c4 c6 3. Nf3 Nf6 4. Nc3 dxc4 5. a4 Bf5 6. Nh4 Bg4 7. h3 Bh5 8. g4
Bg6 9. Bg2 e6 10. O-O Nd5 11. Nxg6 hxg6 12. e4 Nb4 13. Be3 e5 14. Ne2 Nd7 15.
Qc1 exd4 16. Bxd4 Qc7 17. Qxc4 Ne5 18. Qc3 Nxg4 19. Rfd1 Nf6 20. a5 Rh5 21. a6
bxa6 22. Ng3 Rb5 23. Bf1 Ra5 24. Rxa5 Qxa5 25. Bxf6 gxf6 26. Qxf6 Rd8 27. Rc1
Rd6 28. Qf4 Qd8 29. e5 Rd4 30. Qe3 Qh4 31. e6 Qf4 32. exf7+ Kxf7 33. Qb3+ Kg7
34. Re1 Bd6 35. Re3 Nd5 36. Rf3 Rb4 37. Qd3 Qd4 38. Qxa6 Rxb2 39. Ne2 Qe4 40.
Qxa7+ Kh6 41. Rf7 Ne7 42. Ng3 Qe5 43. Qa1 Bc5 44. Qc1+ g5 45. Ne4 Bd4 46. Bd3
Ra2 47. Kg2 Ng6 48. Qxc6 g4 49. hxg4 Be3 50. Ng3 1-0

[Event "39th Dortmund Chess Meeting"]
[Site "Dortmund GER"]
[Date "2011.07.24"]
[Round "4"]
[White "Ponomariov, Ruslan"]
[Black "Meier, Georg"]
[Result "1/2-1/2"]
[WhiteElo "2764"]
[BlackElo "2656"]
[PlyCount "180"]
[EventDate "2011.07.21"]

1. d4 Nf6 2. c4 e6 3. Nc3 Bb4 4. Bg5 h6 5. Bh4 c5 6. d5 d6 7. e3 exd5 8. cxd5
Nbd7 9. Bb5 Bxc3+ 10. bxc3 Qa5 11. Bxd7+ Nxd7 12. Ne2 Qa6 13. O-O O-O 14. Bg3
Nf6 15. f3 Nxd5 16. Qxd5 Qxe2 17. Rfe1 Be6 18. Rxe2 Bxd5 19. Bxd6 Rfc8 20. e4
Be6 21. a4 Rc6 22. e5 Rac8 23. Rb2 b6 24. a5 Bc4 25. axb6 Rxb6 26. Rxb6 axb6
27. Kf2 g5 28. h4 Kg7 29. h5 b5 30. Ke3 Be6 31. Ra5 b4 32. cxb4 cxb4 33. Bxb4
Kh7 34. Be7 Rc3+ 35. Kd2 Rc8 36. Bf6 Rc4 37. g3 Rc8 38. Ra7 Kg8 39. f4 gxf4 40.
gxf4 Bg4 41. Ke3 Be6 42. Be7 Rc3+ 43. Kd2 Rc4 44. Ra8+ Rc8 45. Ra1 Kh7 46. Kd3
Bg4 47. Rh1 Bf5+ 48. Kd4 Be6 49. Bc5 Rd8+ 50. Ke3 Rg8 51. Ke4 Rg3 52. Rf1 Rh3
53. f5 Rh4+ 54. Ke3 Rxh5 55. fxe6 Rxe5+ 56. Kd4 Rxe6 57. Rxf7+ Kg6 58. Rf1 h5
59. Kd5 Re2 60. Bf2 Kg5 61. Rg1+ Kf5 62. Be1 Ra2 63. Rh1 Kg4 64. Ke4 Re2+ 65.
Kd3 Ra2 66. Rh4+ Kg5 67. Rc4 Ra3+ 68. Ke2 Rh3 69. Bf2 Kf5 70. Kf1 Rb3 71. Kg2
Rd3 72. Bg3 Rd1 73. Kh3 Rh1+ 74. Bh2 Kg5 75. Rc5+ Kg6 76. Kg2 Rb1 77. Bf4 Rb4
78. Kf3 Rb3+ 79. Be3 h4 80. Rg5+ Kf6 81. Rg4 h3 82. Rh4 Ke6 83. Rxh3 Kd5 84.
Rh5+ Kc4 85. Ke4 Rb5 86. Rh1 Kb3 87. Kd3 Rd5+ 88. Bd4 Rb5 89. Rb1+ Ka4 90. Rxb5
Kxb5 1/2-1/2

[Event "39th Dortmund Chess Meeting"]
[Site "Dortmund GER"]
[Date "2011.07.24"]
[Round "4"]
[White "Giri, Anish"]
[Black "Le Quang Liem"]
[Result "1/2-1/2"]
[WhiteElo "2701"]
[BlackElo "2715"]
[PlyCount "93"]
[EventDate "2011.07.21"]

1. d4 Nf6 2. c4 g6 3. g3 c6 4. Bg2 d5 5. cxd5 cxd5 6. Nf3 Bg7 7. Nc3 O-O 8. Ne5
e6 9. O-O Nfd7 10. Nf3 Nf6 11. Bf4 Nc6 12. Rc1 h6 13. Ne5 Nxe5 14. Bxe5 Bd7 15.
Qb3 Bc6 16. Rfd1 Qe7 17. a3 Rfc8 18. h3 Qd7 19. Qa2 Ne8 20. Bxg7 Kxg7 21. e3
Nd6 22. b3 Rc7 23. Qb2 Kg8 24. Rc2 Rac8 25. Rdc1 Qd8 26. Na2 Be8 27. Rxc7 Rxc7
28. Rxc7 Qxc7 29. Qc3 Qxc3 30. Nxc3 Nb5 31. Nxb5 Bxb5 32. f4 f5 33. Bf3 h5 34.
Kf2 Kf7 35. Ke1 Ke7 36. Kd2 Kd6 37. Kc3 a5 38. h4 b6 39. Bd1 Kc7 40. b4 a4 41.
Bc2 Kd6 42. Kd2 Kc7 43. Ke1 Kd6 44. Kf2 Kc7 45. Ke1 Kd6 46. Kd2 Kc7 47. Ke1
1/2-1/2

[Event "World Team Championship"]
[Site "Ningbo CHN"]
[Date "2011.07.25"]
[Round "8"]
[White "Grischuk, Alexander"]
[Black "Roiz, Michael"]
[Result "1-0"]
[WhiteElo "2746"]
[BlackElo "2669"]
[PlyCount "89"]
[EventDate "2011.07.17"]

1. e4 c6 2. d4 d5 3. e5 Bf5 4. Nf3 e6 5. Be2 c5 6. Be3 Nd7 7. Nbd2 Ne7 8. c4
Nc6 9. O-O Be7 10. cxd5 exd5 11. dxc5 O-O 12. Nb3 Ndxe5 13. Nxe5 Nxe5 14. Nd4
Bd7 15. Qb3 Bxc5 16. Qxd5 Bxd4 17. Bxd4 Nc6 18. Bc3 Be6 19. Qc5 Re8 20. Rfd1
Qe7 21. Qxe7 Rxe7 22. Rd2 Rd8 23. Rxd8+ Nxd8 24. Rd1 Rd7 25. Rxd7 Bxd7 26. f3
Ne6 27. Kf2 Bc6 28. Ke3 Bd5 29. a4 f5 30. g3 Kf7 31. b4 a6 32. Be5 g6 33. g4
Bb3 34. gxf5 gxf5 35. a5 Bd5 36. Bd3 Kg6 37. h4 h5 38. f4 Bc6 39. Kd2 Bb5 40.
Bc2 Nd8 41. Bb3 Be8 42. Kc3 Nc6 43. Bd5 Bf7 44. Bf3 Be6 45. Bc7 1-0

[Event "World Team Championship"]
[Site "Ningbo CHN"]
[Date "2011.07.25"]
[Round "8"]
[White "Smirin, Ilya"]
[Black "Nepomniachtchi, Ian"]
[Result "0-1"]
[WhiteElo "2676"]
[BlackElo "2711"]
[PlyCount "98"]
[EventDate "2011.07.17"]

1. e4 c5 2. Nf3 d6 3. d4 cxd4 4. Nxd4 Nf6 5. Nc3 a6 6. a4 e5 7. Nf3 h6 8. a5
Be6 9. Be3 Nbd7 10. Be2 Ng4 11. Bd2 Rc8 12. O-O Ngf6 13. Re1 Be7 14. Bf1 O-O
15. h3 Qc7 16. Nh4 Nc5 17. g3 Rfd8 18. Qe2 d5 19. exd5 Nxd5 20. Nxd5 Rxd5 21.
Bg2 Rdd8 22. Bc3 e4 23. Bxe4 Nxe4 24. Qxe4 Bc5 25. Nf5 Bxf5 26. Qxf5 Qxg3+ 27.
Kf1 Qh2 28. Qf3 Bd4 29. Re7 Bxc3 30. bxc3 Rf8 31. Rd1 Rc6 32. Rd4 Re6 33. Rxb7
Rf6 34. Qg2 Qe5 35. Rg4 Re8 36. Rb1 g6 37. c4 Qxa5 38. Qd5 Qa2 39. Qd1 h5 40.
Rd4 Qa5 41. Qd3 Qe5 42. Kg1 Qg5+ 43. Qg3 Qf5 44. Rd2 Kh7 45. Rbd1 Rc8 46. Qc3
Qf4 47. Qd4 Qg5+ 48. Kf1 Rf3 49. Qd5 Qg3 0-1

[Event "World Team Championship"]
[Site "Ningbo CHN"]
[Date "2011.07.25"]
[Round "8"]
[White "Svidler, Peter"]
[Black "Postny, Evgeny"]
[Result "1-0"]
[WhiteElo "2739"]
[BlackElo "2618"]
[PlyCount "73"]
[EventDate "2011.07.17"]

1. e4 c6 2. d4 d5 3. e5 Bf5 4. Nf3 e6 5. Be2 c5 6. Be3 Qb6 7. Nc3 Nc6 8. O-O
Qxb2 9. Qe1 cxd4 10. Bxd4 Nxd4 11. Nxd4 Bb4 12. Rb1 Bxc3 13. Rxb2 Bxe1 14. Rxe1
b6 15. Bb5+ Kf8 16. Nxf5 exf5 17. Rb3 Ne7 18. Rc3 Rc8 19. Rxc8+ Nxc8 20. Rd1
Ne7 21. f4 g5 22. fxg5 h6 23. c4 hxg5 24. cxd5 Ng6 25. Rf1 f4 26. d6 Kg7 27.
Re1 Nf8 28. Bd3 Ne6 29. Bf5 Nd4 30. Bg4 Re8 31. Kf2 Nc2 32. Rc1 Ne3 33. Bf3 b5
34. Rc7 Nc4 35. Bc6 Rd8 36. e6 Nxd6 37. Rd7 1-0

[Event "World Team Championship"]
[Site "Ningbo CHN"]
[Date "2011.07.25"]
[Round "8"]
[White "Nabaty, Tamir"]
[Black "Vitiugov, Nikita"]
[Result "0-1"]
[WhiteElo "2584"]
[BlackElo "2733"]
[PlyCount "48"]
[EventDate "2011.07.17"]

1. e4 c6 2. d4 d5 3. e5 Bf5 4. g4 Bd7 5. Nc3 e6 6. Be3 Ne7 7. Nge2 Ng6 8. Ng3
c5 9. f4 cxd4 10. Qxd4 Nc6 11. Qd2 d4 12. Bxd4 Nxd4 13. Qxd4 Bc6 14. Qf2 Bxh1
15. Nxh1 Bb4 16. Bb5+ Kf8 17. Ng3 Qa5 18. O-O-O Bxc3 19. Qc5+ Kg8 20. bxc3 a6
21. Nh5 Qxb5 22. Qc7 h6 23. Rd7 Rf8 24. f5 Nxe5 0-1